Upper Body Bone Landmarks - Statistics

General Stats
  • This quiz has been taken 17 times
  • The average score is 11 of 30
Answer Stats
Picture Answer % Correct
Inferior angle
75%
Lateral border
75%
Subscapular fossa
75%
Acromion
50%
Deltoid Tuberosity
50%
Glenoid cavity
50%
Greater tubercle
50%
Infraspinatus fossa
50%
Lateral Epicondyle
50%
Lesser tubercle
50%
Medial border
50%
Radial notch
50%
Condyle
25%
Coracoid process
25%
Coronoid fossa
25%
Dorsal tubercle
25%
Intertubercular groove
25%
Lateral styloid process (Radial)
25%
Lateral supraepicondylar ridge
25%
Medial epicondyle
25%
Medial styloid process (Ulnar)
25%
Medial supraepicondylar ridge
25%
Olecranon
25%
Olecranon fossa
25%
Radial tuberosity
25%
Scapular spine
25%
Superior angle
25%
Supraspinatus fossa
25%
Ulnar notch
25%
Ulnar tuberosity
25%
No matching quizzes found
Score Distribution
Percent of People with Each Score
Percentile by Number Answered
Your Score History
You have not taken this quiz